Statistics for Countries with the Highest Tax

Click here to take the quiz!

General Stats

  • This quiz has been taken 48,909 times
    (12,896 since last reset)
  • The average score is 14 of 20

Answer Stats

% Country % Correct
44.1Sweden
95%
38.0Norway
94%
37.6Germany
93%
44.1Finland
91%
45.3France
91%
45.9Denmark
89%
42.9Italy
86%
38.8Netherlands
82%
44.2Belgium
81%
42.7Austria
79%
36.4Iceland
77%
37.1Luxembourg
74%
38.6Greece
71%
39.4Hungary
55%
37.0Slovenia
54%
37.9Croatia
52%
38.4Serbia
48%
37.0Bosnia and Herzegovina
43%
41.5Cuba
29%
47.0Lesotho
6%

Score Distribution

Percentile by Number Answered

Percent of People with Each Score

Your Score History

You have not taken this quiz since the last reset